Stardew Valley Characters - Statistics

General Stats
  • This quiz has been taken 86 times
  • The average score is 34 of 40
Answer Stats
Hint Answer % Correct
Carpenter Robin
97%
Blacksmith Clint
95%
Mayor of Pelican Town Lewis
95%
General Store owner Pierre
95%
Owner of the saloon Gus
94%
Ranch owner Marnie
94%
Teacher Penny
94%
Purple-haired girl Abigail
92%
Sporty guy Alex
92%
Green-haired mom Caroline
92%
Loves to sew Emily
92%
Bus driver Pam
92%
Wannabe rock star Sam
92%
Fisherman Willy
92%
Lives in a tower Wizard
92%
Scientist Demetrius
90%
Loves taking pictures Haley
90%
Artist Leah
90%
Young inventor Maru
90%
Loves raising chickens Shane
90%
Town doctor Harvey
89%
Motorcycle-loving computer programmer Sebastian
89%
Beach writer Elliott
85%
Grumpy old man George
85%
Jump roping girl Jas
85%
Military veteran Kent
85%
Lives in a tent Linus
85%
Dessert Oasis owner Sandy
85%
Boy with a sweet tooth Vincent
85%
Lives in the sewer Krobus
84%
Cookie-making granny Evelyn
81%
Mother of two Jodi
81%
Museum owner Gunther
79%
Lives in the mines Dwarf
76%
Joja Mart Customer Associate Morris
71%
Quest-giving casino man Mr. Qi
69%
Gives Adventurer's Guild rewards Gil
66%
Ginger Island boy Leo
66%
Annual soup taster Governor
63%
Runs the Adventurer's Guild Marlon
63%
No matching quizzes found
Score Distribution
Percent of People with Each Score
Percentile by Number Answered
Your Score History
You have not taken this quiz